Responses for show #7772 - Tuesday, May 29, 2018

Contestants

Tim Young, a filmmaker from Los Angeles, California

Jeffrey Schwarz, a private investor from New York, New York

Virginia Cummings, a geriatrician from Randolph, Massachusetts (whose 2-day cash winnings total $51,200)

Jeopardy! Round responses

ENGLAND, SCOTLAND OR WALES
TV NARRATORS
RETORTS
THE FOOD CHAIN
"I" 4
DETAIL
    $200 1
Wales

Virginia
    $200 3
How I Met Your Mother

Tim
    $200 20
Muhammad Ali

Virginia
    $200 10
algae

Tim
    $200 9
icon

Jeffrey
    $200 8
the rooks

Tim
    $400 2
Scotland

Tim
    $400 4
Dexter

Tim
    $400 21
an IQ test

Jeffrey
    $400 26
(Jeffrey: What is fiber? [*]?)

wood fiber

Jeffrey
    $400 16
inks

Tim
    $400 11
S

Tim
    $600 15
England

Jeffrey
    $600 5
Jim Parsons

Virginia
    $600 22
(James) Joyce

Tim
    $1,200 27
(Jeffrey: What is, uh... what is elk?)

a moose

Jeffrey
    $600 17
an iamb

Triple Stumper
    $600 12
Bart

Virginia
    $800 24
Wales

Virginia
    $800 6
Desperate Housewives

Virginia
    $800 23
(Tim: What's the department of water and power?)

the police department

JeffreyTim
    $800 29
shark

Virginia
    $800 18
imam

Jeffrey
    $800 13
6

Triple Stumper
    $1000 25
England

Jeffrey
    $1000 7
Ron Howard

Tim
    $1000 28
Johnson

Virginia
    $1000 30
barnacles

Virginia
    $1000 19
illy

Tim
    $1000 14
orange

Triple Stumper

Scores at the first commercial break (after clue 15):

Virginia Jeffrey Tim
$2,200 $800 $2,800

Scores at the end of the Jeopardy! Round:

Virginia Jeffrey Tim
$6,000 $3,000 $4,000

Double Jeopardy! Round responses

I SURRENDER
AWARD-WINNING BOOKS
OKLAHOMA HISTORY
A-1 ALPHANUMERICS 4U
EXPORTS
BAND MATES
    $400 1
the white flag

Jeffrey
    $400 26
(Alex: With less than a minute now.)

Frida Kahlo

Virginia
    $400 16
the panhandle

Tim
    $400 21
7 Up

Virginia
    $400 10
Coca-Cola

Jeffrey
    $400 6
Gloria Estefan

Tim
    $800 2
the towel

Virginia
    $800 27
Despereaux

Virginia
    $800 17
Tulsa

Tim
    $800 22
4-F

Virginia
    $800 11
South Korea

Virginia
    $800 7
the Arcade Fire

Tim
    $1200 3
unconditional

Virginia
    $1200 28
Neil Gaiman

Tim
    $1200 18
the Cherokee

Jeffrey
    $1200 23
Van Halen

Triple Stumper
    $1200 12
seafood

Jeffrey
    $1200 8
Grace Slick

Tim
    $1600 4
succumb

Virginia
    $1600 29
[The end-of-round signal sounds.]

The Hours

Jeffrey
    $2,300 19
the Chisholm Trail

Jeffrey
    $1600 24
H1N1

Triple Stumper
    $1600 13
Mexico

Virginia
    $1600 9
Fleetwood Mac

Jeffrey
    $2000 5
prostrate

Virginia
    $2000 20
Jeane Kirkpatrick

Jeffrey
    $2000 25
the P-51

Triple Stumper
    $4,000 14
(Virginia: What is Volkswagen?)

Volvo

Virginia
    $2000 15
Sonic Youth

Tim

Scores at the end of the Double Jeopardy! Round:

Virginia Jeffrey Tim
$12,400 $13,700 $10,800

[wagering suggestions for these scores]

Final Jeopardy! Round responses

BRITISH COMMONWEALTH COUNTRIES
TimWhat is New Zealand?
$8,200
VirginiaWhat is New Zealand
$12,400
JeffreyWhat is New Zealand
$11,300
New Zealand

Final scores:

Virginia Jeffrey Tim
$24,800 $25,000 $19,000
2nd place: $2,000 New champion: $25,000 3rd place: $1,000

Game dynamics:

Coryat scores:

Virginia Jeffrey Tim
$16,400 $14,200 $10,800
19 R,
1 W
(including 1 DD)
15 R
(including 1 DD),
1 W
(including 1 DD)
17 R,
1 W

Combined Coryat: $41,400

The J! Archive is created by fans, for fans. The Jeopardy! game show and all elements thereof, including but not limited to copyright and trademark thereto, are the property of Jeopardy Productions, Inc. and are protected under law. This website is not affiliated with, sponsored by, or operated by Jeopardy Productions, Inc. Join the discussion at JBoard.tv.